Revista Saqsaywaman : (Record no. 21999)

000 -CABECERA
fixed length control field 02281nam a22002897a 4500
003 - IDENTIFICADOR DEL NÚMERO DE CONTROL
control field AR-CdUCM
008 - DATOS DE LONGITUD FIJA--INFORMACIÓN GENERAL
fixed length control field 190425b ||||| |||| 00| 0 spa d
040 ## - FUENTE DE LA CATALOGACIÓN
Agencia/entidad que catalogó originalmente la obra MUNICIPALIDAD PROVINCIAL DEL CUSCO
Entidad que transcribió la catalogación BIBLIOTECA MUNICIPAL DEL CUSCO
082 ## - NÚMERO DE LA CLASIFICACIÓN DECIMAL DEWEY
No. de Clasificación Saqsaywaman/N°9/2009
110 ## - ENTRADA PRINCIPAL--NOMBRE DE ENTIDAD CORPORATIVA
Nombre de la institución, jurisdicción como entrada principal Instituto Nacional de Cultura Region Cusco
9 (RLIN) 29198
245 ## - MENCIÓN DE TÍTULO
Título Revista Saqsaywaman :
Mención de responsabilidad Instituto Nacional de Cultura Region Cusco.
260 ## - PUBLICACIÓN, DISTRIBUCIÓN, ETC.
Lugar de publicación, distribución, etc. Arequipa.
Nombre de la editorial, distribuidor, etc. INC,
-- Arguedas,
Fecha de publicación, distribución, etc. 2009.
300 ## - DESCRIPCIÓN FÍSICA
Nº de Páginas Extensión 259 páginas. :
Otros detalles físicos ilustraciones ;
Dimensiones 21 cm.
440 ## - MENCIÓN DE SERIE/PUNTO DE ACCESO ADICIONAL--TÍTULO
Título Revista Saqsaywaman.
Número de la parte/sección de una obra N°9, 2009
9 (RLIN) 47111
505 ## - NOTA DE CONTENIDO CON FORMATO
Nota de contenido formateada Contenido: Urpicancha un sitio arqueológico Inca en el Valle de Lucre. -- Ernesto García Calderón. -- Ocupación del periodo intermedio tardío (K’illke) de Qallaqasa (P’isaq). Arminda Gibaja Oviedo. -- Investigación arqueológica en Salonniyoq Templo de la Luna. Jorge Guillén. -- Investigación arqueológica sector Wayraqpunku Qowiqarana huaca Pachakuti. Ismael Uscachi Santos. -- Introducción al análisis arqueológico caso conjunto arqueológico de Salapunku MAPI. Francisco Huarcaya Quispe. -- Exploraciones arqueológicas en Choquecancha. Carmen Alicia Pilares Calero. -- Investigaciones arqueológicas en Lucerinas. Domingo Farfán Acuña. -- Investigación arqueológica de la zona de Mauk’allaqta. José Pilares Daza. -- Identificación, catastro y evaluación del Sistema Vial Prehispánica troncal al Chinchaysuyu Qaphaq Ñan Anta. Lorena Álvarez Saavedra. -- Rescate muro fino de la Plaza de Limacpampa. Patricia Benavente García. -- Tecnología Inka en metalurgia por Danilo Pallardel Moscoso. -- Continuidad de la tecnología Inka en la metalurgia del distrito de San Pablo Cusco. Joan B. Guillen Pantigozo. -- Cerámica colonial. Irwin Antonio Ferrándiz Castro.
650 ## - PUNTO DE ACCESO ADICIONAL DE MATERIA--TÉRMINO DE MATERIA
Descriptor Arqueología cusqueña
9 (RLIN) 9322
650 ## - PUNTO DE ACCESO ADICIONAL DE MATERIA--TÉRMINO DE MATERIA
Descriptor Historia del Cusco
9 (RLIN) 1714
650 ## - PUNTO DE ACCESO ADICIONAL DE MATERIA--TÉRMINO DE MATERIA
Descriptor Inkas
9 (RLIN) 1899
650 ## - PUNTO DE ACCESO ADICIONAL DE MATERIA--TÉRMINO DE MATERIA
Descriptor Monumentos históricos
9 (RLIN) 6891
700 ## - PUNTO DE ACCESO ADICIONAL--NOMBRE DE PERSONA
Nombre Personal García Calderón, Ernesto
9 (RLIN) 47112
700 ## - PUNTO DE ACCESO ADICIONAL--NOMBRE DE PERSONA
Nombre Personal Gibaja Oviedo, Arminda
9 (RLIN) 29271
700 ## - PUNTO DE ACCESO ADICIONAL--NOMBRE DE PERSONA
Nombre Personal Ferrándiz Castro, Antonio
9 (RLIN) 44141
856 ## - LOCALIZACIÓN Y ACCESO ELECTRÓNICOS
Identificador Uniforme de Recurso (URI) <a href="http://bvirtual.culturacusco.gob.pe/items/show/111">http://bvirtual.culturacusco.gob.pe/items/show/111</a>
Nota pública Leer en digital
942 ## - ELEMENTOS DE PUNTO DE ACCESO ADICIONAL (KOHA)
Fuente de clasificación
Tipo de item Revistas cusqueñas
945 ## - PROCESAMIENTO DE INFORMACIÓN LOCAL (OCLC)
Catalogador rac
Holdings
Estado de retiro (separado) Fuente de clasificación o esquema de estanterías Estado dañado Ubicación Sala donde se ubica Nombre de la colección Fecha de adquisición o compra Costo, precio normal en soles Signatura topográfica Código de Barras Última vez visto (Koha) Tipo de ítem (Koha)
No     Sala Hemeroteca Sala Hemeroteca Book Cart 2022-02-03 10.00 Saqsaywaman/N°9/2009 REVC000521 2022-02-03 Revistas cusqueñas
No     Sala Hemeroteca Sala Hemeroteca Book Cart 2022-02-03 10.00 Saqsaywaman/N°9/2009/e.2 REVC000522 2022-02-03 Revistas cusqueñas

Powered by Koha